00363nam a2200145Ia 4500008004100000082001800041100002100059245002200080260002100102365000800123600002100131630002200152700002100174730002200195110201s9999 xx 000 0 und d bB10215aE 666 aShilavati Ketkar aLook Back With me bWriters Workshop b150 aShilavati Ketkar aLook Back With me aShilavati Ketkar aLook Back With me